| 000 | 02243nac a2200325 a 4500 | ||
|---|---|---|---|
| 003 | CO-PeBPM | ||
| 005 | 20251206113740.0 | ||
| 008 | 251206s2024 ck a|||| |||| 00| 0 spa d | ||
| 020 | _a9789585354821 | ||
| 040 |
_aCO-PeBPM _bspa _cCO-PeBPM _erda |
||
| 041 | _aspa | ||
| 082 | 0 | 4 |
_a741.59861 C117c _222 |
| 100 | 1 |
_aCabrera, Wilmar _d, 1970- |
|
| 245 | 1 | 0 |
_aColombia 86 _c/ Wílmar Cabrera ; ilustraciones Nicolás García. |
| 250 | _aEdición especial | ||
| 260 |
_aBogotá, Colombia _b: Caballito de acero _c, c2024 |
||
| 300 |
_a173 páginas _bilustraciones a color _c24 centimetros |
||
| 490 | _aColección caballito | ||
| 500 | _aIncluye datos biográficos del autor e ilustrador al final del texto | ||
| 500 | _aColección de actualización bibliográfica para la Red Nacional de Bibliotecas Públicas del Ministerio de las Culturas, de Lectura, Escritura y las Artes y los Saberes, en el marco del Plan Nacional de Lectura, Escritura, Oralidad y Bibliotecas "Leo la Vida", 2024 | ||
| 520 | _aEn 1986, Belisario Betancur era el Presidente de Colombia. María Mónica Urbina era la Señorita Colombia. Miguel Maza Márquez era el director del DAS. Carlos Pizarro era el comandante del M-19. Alfonso Sénior era miembro del Comité de la FIFA. Gabriel Ochoa Uribe era el DT de la Selección Colombia. Una ucronía es una reconstrucción de la historia sobre datos hipotéticos. Es por eso que hemos querido lanzar nuestro nuevo sello editorial Caballito Cómics con una novela gráfica en la que imaginamos lo que pudo haber sido el Mundial Colombia 86 si Colombia lo hubiera organizado en vez de rechazarlo. En esta novela, Bogotá tiene Metro y un comando del M-19 secuestra al presidente de la FIFA. Colombia está en el grupo A junto con URRS, Canadá, Hungría, Marruecos y Escocia. | ||
| 521 | _aRecomendado para jóvenes y adultos | ||
| 650 | 1 | 4 |
_aNovela gráfica colombiana _2LEMB |
| 650 | 1 | 4 |
_aLiteratura juvenil colombiana _2LEMB |
| 650 | 1 | 4 |
_a Fútbol - Tiras cómicas, historietas, etc. _2LEMB |
| 700 | 1 |
_aGarcía, Nicolás _eilustrador |
|
| 700 | 1 |
_aIguarán Zúñiga, Arnoldo Alberto _eProloguista |
|
| 942 |
_2ddc _cBK _n0 |
||
| 999 |
_c107009 _d107009 |
||